Fertigungstechnik und Betrieb

Na minha lista:
Detalhes bibliográficos
Formato: Periódico
Idioma:alemão
Publicado em: Berlin Technik 1988
Tags: Adicionar Tag
Sem tags, seja o primeiro a adicionar uma tag!

MARC

LEADER 00000nas2a2200000 4500
001 s031920
005 20250730114142.5
041 0 |a ger 
044 |a DE 
245 1 0 |a Fertigungstechnik und Betrieb 
264 1 |a Berlin  |b Technik  |c 1988 
300 |a 1 zv.